000 00616nam a2200181Ia 4500
008 170725s9999 xx 000 0 und d
100 _aTeemu Karvonen
245 _aSystematic literature review on the impacts of agile release engineering practices
245 _cTeemu Karvonen, Woubshet Behutiye, Markku Oivo, Pasi Kuvaja
260 _c2017
300 _apages 87-100, June
440 _aInformation and software technology
_v86:
500 _aCJ0031
650 _aContinuous delivery; Continuous deployment
650 _aContinuous integration
650 _aRapid release
650 _aRelease engineering
999 _c340891
_d340891